|
|
|
|
| LEADER |
00000cam a2200000 7i4500 |
| 001 |
0000114873 |
| 005 |
20150713.0 |
| 008 |
150713 bm |
| 020 |
|
|
|a 983852039x
|
| 090 |
0 |
0 |
|a JF OSM
|
| 100 |
1 |
|
|a Osman Ayob
|
| 245 |
1 |
0 |
|a Wira Malam
|c Osman Ayob
|
| 260 |
|
|
|a Kuala Lumpur :
|b 'K'Publishing & Distributors Sdn. Bhd. ,
|c 1989
|
| 300 |
|
|
|a 60p :
|b ill ;
|c 21cm.
|
| 650 |
0 |
0 |
|a Malay fiction
|
| 999 |
|
|
|a 0000332857
|b Buku
|c Koleksi Pinjaman Kanak-Kanak
|e Perpustakaan Cawangan Jasin
|
| 999 |
|
|
|a 0000332858
|b Buku
|c Koleksi Pinjaman Kanak-Kanak
|e Perpustakaan Cawangan Jasin
|
| 999 |
|
|
|a 0000332859
|b Buku
|c Koleksi Pinjaman Kanak-Kanak
|e Perpustakaan Cawangan Jasin
|
| 999 |
|
|
|a 0000332860
|b Buku
|c Koleksi Pinjaman Kanak-Kanak
|e Perpustakaan Cawangan Jasin
|
| 999 |
|
|
|a 16022
|b Buku
|c Koleksi Pinjaman Kanak-Kanak
|e Perpustakaan Cawangan Jasin
|